Organic chemistry

Kaydedildi:
Detaylı Bibliyografya
Yazar: WADE, Leroy G. Simek, Jan William
Materyal Türü: Kitap
Dil:İngilizce
Baskı/Yayın Bilgisi: Pearson Education 2017
Etiketler: Etiketle
Etiket eklenmemiş, İlk siz ekleyin!

MARC

LEADER 00000nam a22000007a 4500
008 201210b ||||| |||| 00| 0 eng d
020 |a 978-1-292-15110-6 
100 |a WADE, Leroy G.  |a  Simek, Jan William 
245 |a Organic chemistry  |c Leroy G. Wade, Jan William Simek  |g 1394p.; ill. 
250 |b 9th ed. 
260 |b Pearson Education  |c 2017  |h Essex, England  |i 690949   |i 690950  |l QD251.3 .W11  |m Chemistry, Organic – Textbooks 
500 |a It includes bibliographical references and index 
942 |a lcc  |c BK  |e Kuteyi M. A.  |f 10/12/2020 
952 |0 0  |1 0  |2 lcc  |4 0  |6 QD02513 W11  |7 0  |9 370  |a HOL  |b SL  |c QZ  |d 2020-12-10  |l 0  |o QD251.3 .W11  |p 2020-2104  |r 2020-12-10 00:00:00  |w 2020-12-10  |y BK 
952 |0 0  |1 0  |2 lcc  |4 0  |6 QD02513 W11  |7 0  |9 371  |a HOL  |b HOL  |c QZ  |d 2020-12-10  |l 0  |o QD251.3 .W11  |p 2020-2105  |r 2020-12-10 00:00:00  |w 2020-12-10  |y BK 
999 |c 180  |d 180